|
|
|
|
| LEADER |
02920nam a22004695i 4500 |
| 001 |
978-3-319-52621-8 |
| 003 |
DE-He213 |
| 005 |
20170322063525.0 |
| 007 |
cr nn 008mamaa |
| 008 |
170322s2017 gw | s |||| 0|eng d |
| 020 |
|
|
|a 9783319526218
|9 978-3-319-52621-8
|
| 024 |
7 |
|
|a 10.1007/978-3-319-52621-8
|2 doi
|
| 040 |
|
|
|d GrThAP
|
| 050 |
|
4 |
|a QA76.9.M35
|
| 072 |
|
7 |
|a GPFC
|2 bicssc
|
| 072 |
|
7 |
|a TEC000000
|2 bisacsh
|
| 082 |
0 |
4 |
|a 620
|2 23
|
| 245 |
1 |
0 |
|a Proceedings of the 4th International Conference on Applications in Nonlinear Dynamics (ICAND 2016)
|h [electronic resource] /
|c edited by Visarath In, Patrick Longhini, Antonio Palacios.
|
| 264 |
|
1 |
|a Cham :
|b Springer International Publishing :
|b Imprint: Springer,
|c 2017.
|
| 300 |
|
|
|a IX, 314 p. 146 illus., 102 illus. in color.
|b online resource.
|
| 336 |
|
|
|a text
|b txt
|2 rdacontent
|
| 337 |
|
|
|a computer
|b c
|2 rdamedia
|
| 338 |
|
|
|a online resource
|b cr
|2 rdacarrier
|
| 347 |
|
|
|a text file
|b PDF
|2 rda
|
| 490 |
1 |
|
|a Lecture Notes in Networks and Systems,
|x 2367-3370 ;
|v 6
|
| 505 |
0 |
|
|a From the Content: Invariant Tori in a Network of Two Spin-Torque Nano Oscillators -- Random Perturbations of a Three-machine Power System Network -- A Solvable Chaotic Oscillator with Multiple Set Points. .
|
| 520 |
|
|
|a This book presents collaborative research works carried out by experimentalists and theorists around the world in the field of nonlinear dynamical systems. It provides a forum for applications of nonlinear systems while solving practical problems in science and engineering. Topics include: Applied Nonlinear Optics, Sensor, Radar & Communication Signal Processing, Nano Devices, Nonlinear Biomedical Applications, Circuits & Systems, Coupled Nonlinear Oscillator, Precision Timing Devices, Networks, and other contemporary topics in the general field of Nonlinear Science. This book provides a comprehensive report of the various research projects presented at the International Conference on Applications in Nonlinear Dynamics (ICAND 2016) held in Denver, Colorado, 2016. It can be a valuable tool for scientists and engineering interested in connecting ideas and methods in nonlinear dynamics with actual design, fabrication and implementation of engineering applications or devices.
|
| 650 |
|
0 |
|a Engineering.
|
| 650 |
|
0 |
|a Complexity, Computational.
|
| 650 |
1 |
4 |
|a Engineering.
|
| 650 |
2 |
4 |
|a Complexity.
|
| 650 |
2 |
4 |
|a Applications of Nonlinear Dynamics and Chaos Theory.
|
| 700 |
1 |
|
|a In, Visarath.
|e editor.
|
| 700 |
1 |
|
|a Longhini, Patrick.
|e editor.
|
| 700 |
1 |
|
|a Palacios, Antonio.
|e editor.
|
| 710 |
2 |
|
|a SpringerLink (Online service)
|
| 773 |
0 |
|
|t Springer eBooks
|
| 776 |
0 |
8 |
|i Printed edition:
|z 9783319526201
|
| 830 |
|
0 |
|a Lecture Notes in Networks and Systems,
|x 2367-3370 ;
|v 6
|
| 856 |
4 |
0 |
|u http://dx.doi.org/10.1007/978-3-319-52621-8
|z Full Text via HEAL-Link
|
| 912 |
|
|
|a ZDB-2-ENG
|
| 950 |
|
|
|a Engineering (Springer-11647)
|